Victoria sobre el dolor / (Registro nro. 35980)
[ vista simple ]
| 000 -CABECERA | |
|---|---|
| campo de control de longitud fija | 00391nam a2200133 a 4500 |
| 001 - NÚMERO DE CONTROL | |
| campo de control | 000036489 |
| 005 - FECHA Y HORA DE LA ÚLTIMA TRANSACCIÓN | |
| campo de control | 20200930075747.0 |
| 008 - DATOS DE LONGITUD FIJA--INFORMACIÓN GENERAL | |
| campo de control de longitud fija | 120118p19uu ag 000 0 spa d |
| 040 ## - FUENTE DE LA CATALOGACIÓN | |
| Centro catalogador/agencia de origen | DO-SdBNP |
| Lengua de catalogación | spa |
| Centro/agencia transcriptor | BNPHU |
| 100 1# - ENTRADA PRINCIPAL--NOMBRE DE PERSONA | |
| Nombre de persona | Canclini, Santiado |
| 9 (RLIN) | 62723 |
| 245 10 - MENCIÓN DE TÍTULO | |
| Título | Victoria sobre el dolor / |
| Mención de responsabilidad, etc. | Santiago Canclini. |
| 260 ## - PUBLICACIÓN, DISTRIBUCIÓN, ETC. | |
| Lugar de publicación, distribución, etc. | Buenos Aires : |
| Nombre del editor, distribuidor, etc. | Editorial Verdad, |
| Fecha de publicación, distribución, etc. | [199?]. |
| 300 ## - DESCRIPCIÓN FÍSICA | |
| Extensión | 63 p. ; |
| Dimensiones | 18 cm. |
| Estado de retiro | Estado de pérdida | Restricciones de uso | No para préstamo | Código de colección | Localización permanente | Ubicación/localización actual | Ubicación en estantería | Fecha de adquisición | Número de inventario | Total de préstamos | Signatura topográfica completa | Código de barras | Fecha visto por última vez | Precio válido a partir de | Tipo de ítem Koha |
|---|---|---|---|---|---|---|---|---|---|---|---|---|---|---|---|
| Monografías: Libros y Folletos | General | General | Orden iniciada | 18.01.2012 | LF1 | 36490-10 | 25.06.2020 | 25.06.2020 | No se presta |
